LDR 00655naa#a2200193#i#450# 001 EN\\bibl\117101 005 20260429080708.3 011 ## _a2588-0209 100 ## _a20260421b2026####ek#y0engy0150####ca 102 ## _aRU 200 1# _aAGROCHEMICAL PROPERTIES OF SOILS UNDER DIFFERENT FOREST VEGETATION TYPES IN CENTRAL YAKUTIA _eJournal article 210 1# _aMoscow _cElectronic science _d2026 215 ## _a12 с. 608 ## _aJournal article _2local 675 ## _aЛесное хозяйство. Лесоводство. 630 _z 700 #1 _aFedorov _gAndrey Yakovlevich 700 #1 _aNikolaeva _gFevron'ya Vasil'evna 700 #1 _aIvanov _gAyaal Alekseevich 856 4# _aecience.ru _u